000 00613nam a2200217Ia 4500
005 20250508164802.0
008 008 250505s9999 xx 000 0 eng d
020 _a0-19-569144-X
037 _aReference
040 _aFEDL
_beng
_cFEDL
041 _aeng
_2eng
084 _a900, SEN/RR
_qFEDL
100 _aSengupta Jayanti
_9779168
245 0 _aHistory and civics for the middle school: Class 7
260 _aNew Delhi, India
_bOxford University Press
_c2008
300 _a184p.
365 _aINR
_b14
490 _aThe trail.
942 _cREF
_h900, SEN/RR
999 _c1391161
_d1391161